| 000 | 00765nam a2200229Ia 4500 | ||
|---|---|---|---|
| 005 | 20250108125026.0 | ||
| 008 | 008 250107s9999 xx 000 0 hin d | ||
| 020 | _a978-81-946601-8-7 | ||
| 037 | _aTB | ||
| 040 |
_aCRL _bhin _cCRL |
||
| 041 |
_ahin _2hin |
||
| 084 | _aV2.N47 R3 | ||
| 084 | _qCRL | ||
| 100 | _aदेव, उषा, ले. | ||
| 245 | 0 |
_aस्त्री के संघर्ष _cदेव, उषा, ले. |
|
| 260 |
_aदिल्ली, भारत _bशांति पुस्तक मंदिर _c3063 |
||
| 300 | _a96पृ0 | ||
| 365 |
_aINR _b475 |
||
| 650 |
_aहिन्दी कहानीहिन्दी साहित्य _9729733 |
||
| 942 |
_cTB _hV2.N47 R3 |
||
| 999 |
_c1235451 _d1235451 |
||